000
00198nam a22000857a 4500
001
1235784
005
20250930164201.0
245
_a
KOLAYSA AĞLAMA
_c
SUZAN GERİDÖNMEZ
260
_b
GÜNIŞIĞI YAYINLARI
999
_c
1235784
_d
1235784